| 000 | 00449nam a2200205Ia 4500 | ||
|---|---|---|---|
| 001 | 13219 | ||
| 003 | GE_BSU | ||
| 008 | 181216s||||||||xx |||||||||||||| ||und|| | ||
| 020 | _a100007268793 | ||
| 040 | _cGE_BSU | ||
| 080 | _a821.111-3 | ||
| 100 | _aGregory,Julie. | ||
| 245 | _aMy father's keeper. | ||
| 260 | _aLondon. | ||
| 260 | _bHarper element. | ||
| 260 | _c2008 | ||
| 300 | _a298p;22cm. | ||
| 653 | _aMy father's keeper. | ||
| 942 | _cBK | ||
| 999 |
_c46383 _d46383 |
||